|
|
|
|
| LEADER |
01391nam a2200325 a 4500 |
| 001 |
28816 |
| 003 |
BD-DhAAL |
| 005 |
20150111111505.0 |
| 008 |
150111r19951994nyu 000 0aeng |
| 010 |
|
|
|a 94023500
|
| 020 |
|
|
|a 0679752927
|
| 040 |
|
|
|a DLC
|c DLC
|d DLC
|d BD-DhAAL
|
| 043 |
|
|
|a n-us-tn
|
| 050 |
1 |
0 |
|a RA644.A25
|b V47 1995
|
| 082 |
0 |
0 |
|a 362.1679276897
|2 20
|
| 100 |
1 |
|
|a Verghese, A.
|q (Abraham),
|d 1955-
|9 7310
|
| 245 |
1 |
0 |
|a My own country :
|b a doctor's story /
|c Abraham Verghese.
|
| 250 |
|
|
|a 1st Vintage Books ed.
|
| 260 |
|
|
|a New York :
|b Vintage Books,
|c c1994, [1995].
|
| 300 |
|
|
|a 432 p. ;
|c 21 cm.
|
| 500 |
|
|
|a Originally published: New York : Simon & Schuster, c1994.
|
| 541 |
|
|
|e 28816
|
| 600 |
1 |
0 |
|a Verghese, A.
|q (Abraham),
|d 1955-
|9 7311
|
| 650 |
|
0 |
|a AIDS (Disease)
|x Social aspects
|z Tennessee
|z Johnson City.
|9 7312
|
| 650 |
|
0 |
|a Physicians
|z Tennessee
|z Johnson City
|v Biography.
|9 7313
|
| 856 |
4 |
1 |
|3 Sample text
|u http://www.loc.gov/catdir/samples/random043/94023500.html
|
| 856 |
4 |
2 |
|3 Publisher description
|u http://www.loc.gov/catdir/description/random047/94023500.html
|
| 942 |
|
|
|2 ddc
|c BK
|
| 999 |
|
|
|c 33449
|d 33449
|
| 952 |
|
|
|0 0
|1 0
|2 ddc
|4 0
|6 362_167927689700000_VER
|7 0
|9 44710
|a BRACUL
|b BRACUL
|c GEN
|d 2015-01-11
|e BRAC Institute of Language (BIL)
|l 2
|m 1
|o 362.1679276897 VER
|p 3010028816
|r 2026-01-10
|s 2025-12-29
|t 1
|w 2015-01-11
|y BK
|x Transferred from BIL to BRACUL on 06/06/22
|